|
|
|
|
| LEADER |
01953cas a2200277 a 4500 |
| 001 |
AALejournalIMF015396 |
| 008 |
230101c9999 xx r poo 0 0eng d |
| 020 |
|
|
|c 5.00 USD
|
| 020 |
|
|
|z 9781513506692
|
| 022 |
|
|
|a 1018-5941
|
| 040 |
|
|
|a BD-DhAAL
|c BD-DhAAL
|
| 100 |
1 |
|
|a Carlson, Stacy.
|
| 245 |
1 |
0 |
|a Household Financial Access and Risk Sharing in Nigeria /
|c Stacy Carlson, Era Dabla-Norris, Mika Saito, Yu Shi.
|
| 264 |
|
1 |
|a Washington, D.C. :
|b International Monetary Fund,
|c 2015.
|
| 300 |
|
|
|a 1 online resource (28 pages)
|
| 490 |
1 |
|
|a IMF Working Papers
|
| 500 |
|
|
|a <strong>Off-Campus Access:</strong> No User ID or Password Required
|
| 500 |
|
|
|a <strong>On-Campus Access:</strong> No User ID or Password Required
|
| 506 |
|
|
|a Electronic access restricted to authorized BRAC University faculty, staff and students
|
| 520 |
3 |
|
|a We examine the role of household financial access in determining the extent of risksharing in Nigeria using household-level panel data. We estimate changes in the response of consumption to shocks for households with formal and informal access to finance and those without, both for the country as a whole and for different regions. Our findings suggest that households with financial access who experience an unexpected negative income shock see consumption fall by 15 percentage points less than those without access. This result is mainly driven by households with informal financial access, and by household savings rather than borrowing. Regional variation in risk sharing tends to be significant, suggesting that financial inclusion efforts going forward should have a more regional focus.
|
| 538 |
|
|
|a Mode of access: Internet
|
| 700 |
1 |
|
|a Dabla-Norris, Era.
|
| 700 |
1 |
|
|a Saito, Mika.
|
| 700 |
1 |
|
|a Shi, Yu.
|
| 830 |
|
0 |
|a IMF Working Papers; Working Paper ;
|v No. 2015/169
|
| 856 |
4 |
0 |
|z Full text available on IMF
|u http://elibrary.imf.org/view/journals/001/2015/169/001.2015.issue-169-en.xml
|z IMF e-Library
|